Funés na strome

Bibliographic Details
Format: Article
Language:Slovak
Subjects:

MARC

LEADER 00000nab a2200000 ar4500
001 vtls009480713
003 SK-MaSNL
005 20260303053238.0
008 090306c19730105xo |r|p|||||||000 b|slo
015 |a SNBRB1973 
038 |a SNKBUCL 
040 |a SNKBUCL  |b slo  |c SNKBUCL  |e AACR2 
041 |a slo 
044 |a xo  |c SK 
080 |a 791.44(44)  |2 1997 
080 |a 791.44(52)  |2 1997 
245 0 0 |a Funés na strome  |c [autor] (lan) 
630 0 7 |a Na strome (film)  |2 snkbucl  |9 1045539 
630 0 7 |a Dievča z Tokia (film)  |2 snkbucl  |9 1045540 
655 7 |a recenzie  |2 snkbucl  |9 21907 
773 0 |t Večerník  |g (5.1.1973), s. 7 
852 |a SNK  |b KIS3GCP 
958 |a RC 
999 |c 1718384  |d 1720314